[Event "Montreal op"]
[Site "Montreal CAN"]
[Date "1989.09.02"]
[Round "2"]
[White "Charest, Johanne"]
[Black "Desforges, Jean"]
[Result "0-1"]
[WhiteElo "1550"]
[BlackElo "2027"]
[PlyCount "54"]
[GameId "2160767912502476"]
[EventDate "1989.09.02"]
[EventType "swiss"]
[EventRounds "5"]
[EventCountry "CAN"]
[SourceTitle "EXT 2022"]
[Source "ChessBase"]
[SourceDate "2021.10.06"]
[SourceVersion "1"]
[SourceVersionDate "2021.10.06"]
[SourceQuality "1"]

1. e4 d5 2. exd5 Nf6 3. Nf3 Nxd5 4. c4 Nb6 5. d4 g6 6. Nc3 Bg7 7. Be3 O-O 8. Rc1 Bg4 9. Be2 Nc6 10. d5 Bxf3 11. Bxf3 Ne5 12. b3 c6 13. dxc6 Qxd1+ 14. Bxd1 Nd3+ 15. Kd2 Nxc1 16. Kxc1 bxc6 17. Kc2 e5 18. Bf3 Rac8 19. Rd1 f5 20. a4 e4 21. Be2 Rcd8 22. Re1 Bd4 23. Bh6 Rfe8 24. Rf1 Nd7 25. Bg5 Nf6 26. Bd1 e3 27. fxe3 Bxc3 0-1

[Event "Montreal op"]
[Site "Montreal CAN"]
[Date "1989.09.02"]
[Round "2"]
[White "Morin, Louis"]
[Black "Muskat, Paul"]
[Result "1-0"]
[WhiteElo "1941"]
[BlackElo "1733"]
[PlyCount "143"]
[GameId "2160767912502477"]
[EventDate "1989.09.02"]
[EventType "swiss"]
[EventRounds "5"]
[EventCountry "CAN"]
[SourceTitle "hb 2013"]

1. e4 e5 2. Nf3 Nf6 3. Nc3 Nc6 4. Bb5 Bb4 5. O-O O-O 6. d3 d6 7. Bg5 a6 8. Bxf6 gxf6 9. Bxc6 bxc6 10. Nh4 Kh8 11. Ne2 Bg4 12. f3 Be6 13. Ng3 Bc5+ 14. Kh1 Be3 15. Ngf5 Bg5 16. g3 Rb8 17. b3 Qd7 18. Qe1 c5 19. Qf2 Rg8 20. Rg1 Rbe8 21. f4 Bxh4 22. Nxh4 Bg4 23. f5 d5 24. Qg2 dxe4 25. dxe4 Rd8 26. h3 Bh5 27. g4 Qd4 28. Qf3 Bxg4 29. hxg4 Qd2 30. Rg2 Qg5 31. Rh2 Qxg4 32. Qxg4 Rxg4 33. Re1 Rd4 34. Nf3 Rdxe4 35. Rxe4 Rxe4 36. Rh4 Re3 37. Ng1 Rc3 38. Rc4 Rxc4 39. bxc4 Kg7 40. Kg2 Kh6 41. Nh3 Kh5 42. Kg3 a5 43. c3 a4 44. a3 c6 45. Kf3 Kh4 46. Nf2 Kg5 47. Ne4+ Kxf5 48. Nxc5 h5 49. Nxa4 e4+ 50. Ke3 Ke5 51. Nc5 f5 52. Nd7+ Kd6 53. Nf6 Kc5 54. Nxh5 Kxc4 55. a4 Kc5 56. Ng3 Kb6 57. Nxf5 Ka5 58. Nd4 Kxa4 59. Kxe4 c5 60. Ne2 Kb5 61. Kd5 f6 62. c4+ Kb4 63. Nf4 f5 64. Nd3+ Kc3 65. Nxc5 f4 66. Ne4+ Kb4 67. c5 Kb5 68. Kd6 f3 69. c6 Kb6 70. Kd7 f2 71. Nxf2 Ka6 72. c7 1-0

[Event "Montreal op"]
[Site "Montreal CAN"]
[Date "1989.09.03"]
[Round "3"]
[White "Poitras, Luc"]
[Black "Levtchouk, George"]
[Result "1-0"]
[WhiteElo "2058"]
[BlackElo "2335"]
[PlyCount "84"]
[GameId "2160767912502478"]
[EventDate "1989.09.02"]
[EventType "swiss"]
[EventRounds "5"]
[EventCountry "CAN"]
[SourceTitle "FQE 08"]

1. e4 g6 2. d4 Bg7 3. Nc3 d6 4. g3 Nc6 5. Be3 e5 6. dxe5 Nxe5 7. h3 Be6 8. f4 Nc6 9. Nf3 Nge7 10. Qd2 d5 11. O-O-O dxe4 12. Qe2 Qc8 13. Nxe4 O-O 14. Kb1 Re8 15. Ne5 Nf5 16. Bc1 Nxe5 17. fxe5 Bxe5 18. Qf2 Rf8 19. g4 Nd6 20. Nf6+ Kg7 21. Bh6+ Kh8 22. Qh4 Bxa2+ 23. Kxa2 Qe6+ 24. Nd5 c6 25. Bxf8 Rxf8 26. Qe7 Qxe7 27. Nxe7 Re8 28. Nxc6 bxc6 29. h4 Rb8 30. c3 f6 31. Rh3 c5 32. Rhd3 Rb6 33. Rd5 c4 34. g5 Kg7 35. Rc5 Ra6+ 36. Kb1 Rb6 37. Kc2 Kf7 38. Rc7+ Ke6 39. Bh3+ f5 40. Bg2 f4 41. Bh3+ Nf5 42. Rxc4 Ke7 1-0

[Event "Montreal op"]
[Site "Montreal CAN"]
[Date "1989.09.03"]
[Round "3"]
[White "Samson, Gaetan"]
[Black "Charest, Johanne"]
[Result "1-0"]
[WhiteElo "1814"]
[BlackElo "1550"]
[PlyCount "29"]
[GameId "2160767912502479"]
[EventDate "1989.09.02"]
[EventType "swiss"]
[EventRounds "5"]
[EventCountry "CAN"]
[SourceTitle "EXT 2022"]
[Source "ChessBase"]
[SourceDate "2021.10.06"]
[SourceVersion "1"]
[SourceVersionDate "2021.10.06"]
[SourceQuality "1"]

1. e4 e5 2. Nf3 Nc6 3. Bb5 a6 4. Ba4 Nf6 5. O-O Be7 6. Re1 b5 7. Bb3 O-O 8. c3 d6 9. d4 Bg4 10. Be3 exd4 11. cxd4 Nxe4 12. Bd5 Nxf2 13. Bxf2 Bd7 14. Qc1 Qe8 15. Bh4 1-0

[Event "Montreal op"]
[Site "Montreal CAN"]
[Date "1989.09.03"]
[Round "3"]
[White "Savage, Philippe"]
[Black "Morin, Louis"]
[Result "1/2-1/2"]
[WhiteElo "1809"]
[BlackElo "1941"]
[PlyCount "102"]
[GameId "2160767912502480"]
[EventDate "1989.09.02"]
[EventType "swiss"]
[EventRounds "5"]
[EventCountry "CAN"]
[SourceTitle "hb 2013"]

1. c4 e6 2. g3 d5 3. Bg2 c5 4. Nf3 Nc6 5. cxd5 exd5 6. O-O Nf6 7. d3 Be7 8. b3 O-O 9. Bb2 Re8 10. Nbd2 Bf8 11. h3 b5 12. Re1 Bb7 13. e3 d4 14. e4 Rc8 15. Bf1 Rc7 16. Ba3 Nd7 17. Rc1 Qf6 18. Bg2 Ba6 19. Bf1 b4 20. Bb2 Nce5 21. Nxe5 Nxe5 22. Qc2 Nf3+ 23. Nxf3 Qxf3 24. Bxd4 Bd6 25. Be2 Bxd3 26. Bxf3 Bxc2 27. Rxc2 cxd4 28. Rxc7 Bxc7 29. Rc1 Bb6 30. Rc4 a5 31. Rc6 Rb8 32. Be2 Kf8 33. Kf1 Ke7 34. f4 Bd8 35. e5 Rb7 36. Bf3 Rc7 37. Ke2 Rxc6 38. Bxc6 Bb6 39. Be4 h6 40. Kd3 f6 41. exf6+ Kxf6 42. Kc4 Ke6 43. g4 Kd6 44. h4 Ke6 45. Bd5+ Kd6 46. Bf7 Ke7 47. Bg6 Bc7 48. Kxd4 Bxf4 49. Kd5 Bg3 50. h5 Kf6 51. Ke4 Be5 1/2-1/2

[Event "Montreal op"]
[Site "Montreal CAN"]
[Date "1989.09.03"]
[Round "4"]
[White "Charest, Johanne"]
[Black "Phaneuf, Pierre-Michel"]
[Result "0-1"]
[WhiteElo "1550"]
[BlackElo "1793"]
[PlyCount "48"]
[GameId "2160767912502481"]
[EventDate "1989.09.02"]
[EventType "swiss"]
[EventRounds "5"]
[EventCountry "CAN"]
[SourceTitle "EXT 2022"]
[Source "ChessBase"]
[SourceDate "2021.10.06"]
[SourceVersion "1"]
[SourceVersionDate "2021.10.06"]
[SourceQuality "1"]

1. e4 c5 2. Nf3 d6 3. d4 cxd4 4. Nxd4 Nf6 5. Nc3 a6 6. f4 g6 7. h3 Bg7 8. Be3 b5 9. a3 Bb7 10. Bd3 Qc7 11. Qd2 Nbd7 12. g4 Nb6 13. Qe2 Nc4 14. Bxc4 Qxc4 15. Qf3 Nxe4 16. Nxe4 Bxd4 17. Nxd6+ exd6 18. Qxb7 O-O 19. Bxd4 Qxd4 20. Qf3 Rae8+ 21. Kf1 Re3 22. Qf2 Rfe8 23. Rb1 R8e4 24. c3 Qd3+ 0-1

[Event "Montreal op"]
[Site "Montreal CAN"]
[Date "1989.09.04"]
[Round "5"]
[White "Lavoie, Denis"]
[Black "Morin, Louis"]
[Result "0-1"]
[WhiteElo "1758"]
[BlackElo "1941"]
[PlyCount "48"]
[GameId "2160767912502484"]
[EventDate "1989.09.02"]
[EventType "swiss"]
[EventRounds "5"]
[EventCountry "CAN"]
[SourceTitle "hb 2013"]

1. d4 d5 2. c4 e6 3. Nc3 c5 4. cxd5 exd5 5. Nf3 Nc6 6. g3 Nf6 7. Bg2 Be7 8. Bg5 c4 9. O-O O-O 10. Ne5 Be6 11. Nxc6 bxc6 12. b3 Rc8 13. bxc4 dxc4 14. e3 Bd5 15. Qc2 Bxg2 16. Kxg2 h6 17. Bxf6 Bxf6 18. Ne4 c5 19. Nxc5 Rxc5 20. dxc5 Bxa1 21. Rxa1 Qd5+ 22. Kg1 Qxc5 23. Rc1 Rd8 24. Qxc4 Rd1+ 0-1

[Event "Montreal op"]
[Site "Montreal CAN"]
[Date "1989.09.04"]
[Round "5"]
[White "Millette, Marcel"]
[Black "Charest, Johanne"]
[Result "0-1"]
[WhiteElo "1435"]
[BlackElo "1550"]
[PlyCount "82"]
[GameId "2160767912502485"]
[EventDate "1989.09.02"]
[EventType "swiss"]
[EventRounds "5"]
[EventCountry "CAN"]
[SourceTitle "EXT 2022"]
[Source "ChessBase"]
[SourceDate "2021.10.06"]
[SourceVersion "1"]
[SourceVersionDate "2021.10.06"]
[SourceQuality "1"]

1. e4 e5 2. Nf3 Nc6 3. Bb5 a6 4. Ba4 Nf6 5. O-O Be7 6. Re1 b5 7. Bb3 d6 8. a4 Bb7 9. c3 Na5 10. Bc2 c5 11. d4 cxd4 12. cxd4 Qc7 13. b3 Rc8 14. Ra2 O-O 15. d5 h6 16. axb5 axb5 17. Bd2 Ra8 18. Bd3 Qb6 19. Be3 Qd8 20. Bd2 Qb6 21. Nc3 Ba6 22. Be3 Qc7 23. Nxb5 Bxb5 24. Bxb5 Nxe4 25. Qd3 Nf6 26. Rc1 Qb7 27. Bc6 Nxc6 28. dxc6 Qc7 29. Rxa8 Rxa8 30. Nd2 d5 31. f3 d4 32. Bf2 Ra2 33. Bg3 Ba3 34. Rc4 Nd5 35. Rxd4 Bc5 36. Kf1 Bxd4 37. Qxd4 exd4 38. Bxc7 Rxd2 39. Ba5 Rc2 40. b4 Rxc6 41. b5 Rc5 0-1

[Event "North Bay op"]
[Site "North Bay CAN"]
[Date "1989.09.??"]
[Round "5"]
[White "Deline, Ralph"]
[Black "Ellis, Steve"]
[Result "1-0"]
[WhiteElo "1902"]
[BlackElo "2030"]
[PlyCount "65"]
[GameId "2160767912502487"]
[EventDate "1989.09.??"]
[EventType "swiss"]
[EventRounds "5"]
[EventCountry "CAN"]
[SourceTitle "CFC 1989.12"]

1. e4 g6 2. d4 Bg7 3. Nc3 d6 4. Be2 e5 5. d5 Nd7 6. Be3 Ngf6 7. g4 h5 8. g5 Nh7 9. Qd2 a6 10. O-O-O b5 11. a3 Nb6 12. b3 Bf8 13. h4 Be7 14. Nh3 Bxh3 15. Rxh3 Nd7 16. Rg3 Qb8 17. f4 exf4 18. Bxf4 Bf8 19. e5 dxe5 20. Re3 Bxa3+ 21. Kb1 Bd6 22. Ne4 O-O 23. Bg3 Re8 24. Rf3 b4 25. Rdf1 Re7 26. Nf6+ Nhxf6 27. gxf6 Re8 28. Rf5 Bf8 29. Bxh5 Kh7 30. Rg5 Bh6 31. Bxg6+ fxg6 32. h5 gxh5 33. Rxh5 1-0

[Event "Ontario Closed"]
[Site "Scarborough CAN"]
[Date "1989.06.03"]
[Round "1"]
[White "Kiviaho, Robert"]
[Black "Pacey, Kevin"]
[Result "0-1"]
[WhiteElo "2235"]
[BlackElo "2305"]
[PlyCount "64"]
[GameId "2160767912519317"]
[EventDate "1989.06.03"]
[EventType "tourn"]
[EventRounds "9"]
[EventCountry "CAN"]

1. e4 e5 2. Nf3 Nc6 3. Bb5 a6 4. Ba4 Nf6 5. O-O b5 6. Bb3 Bb7 7. Re1 Bc5 8. c3 d6 9. d4 Bb6 10. Qd3 h6 11. Nbd2 O-O 12. Nf1 Ne7 13. d5 Ng6 14. Ng3 Ng4 15. Re2 Nf4 16. Bxf4 exf4 17. Nf5 g6 18. e5 dxe5 19. Nxe5 gxf5 20. Nf3 Re8 21. Rae1 Re4 22. h3 Nf6 23. Rd1 Rxe2 24. Qxe2 Ne4 25. Nd4 Bxd4 26. Rxd4 Qd6 27. Qh5 Re8 28. Qxf5 Bc8 29. Qh5 Ng5 30. Rd1 Re5 31. Qh4 Bxh3 32. a4 Nf3+ 0-1

[Event "Ontario Closed"]
[Site "Scarborough CAN"]
[Date "1989.06.03"]
[Round "1.1"]
[White "Puri, Vinny"]
[Black "Campbell, Brett"]
[Result "1-0"]
[WhiteElo "2336"]
[BlackElo "2366"]
[PlyCount "99"]
[GameId "2160767912519318"]
[EventDate "1989.06.03"]
[EventType "tourn"]
[EventRounds "9"]
[EventCountry "CAN"]

1. c4 d6 2. Nc3 g6 3. d4 Bg7 4. e4 Nd7 5. Be3 e5 6. d5 h5 7. Be2 Bh6 8. Qd2 Bxe3 9. Qxe3 Nh6 10. Nf3 a5 11. h3 f5 12. exf5 Nxf5 13. Qd2 Nc5 14. O-O-O e4 15. Nd4 Nxd4 16. Qxd4 Qg5+ 17. Kb1 O-O 18. g4 h4 19. Nxe4 Nxe4 20. Qxe4 Rxf2 21. Rhf1 Rxf1 22. Rxf1 Bd7 23. Bd3 Kg7 24. Qd4+ Qe5 25. Qxe5+ dxe5 26. c5 Rd8 27. Kc2 Bxg4 28. hxg4 Rxd5 29. Be4 Rxc5+ 30. Kd3 Rb5 31. b3 Rb4 32. g5 a4 33. bxa4 Rd4+ 34. Ke3 Rxa4 35. Rf6 Ra3+ 36. Bd3 e4 37. Kxe4 Rxa2 38. Ke3 Rg2 39. Rxg6+ Kf7 40. Kf4 h3 41. Rh6 h2 42. Be4 Rb2 43. Rh7+ Kg8 44. Rxc7 Rb1 45. Rh7 Rf1+ 46. Ke5 Rg1 47. g6 h1=Q 48. Rxh1 Rxh1 49. Bxh1 Kg7 50. Be4 1-0

[Event "Ontario Closed"]
[Site "Scarborough CAN"]
[Date "1989.06.03"]
[Round "1.3"]
[White "Moffat, Andrei"]
[Black "Coakley, Jeff"]
[Result "1/2-1/2"]
[WhiteElo "2246"]
[BlackElo "2258"]
[PlyCount "81"]
[GameId "2160767912519319"]
[EventDate "1989.06.03"]
[EventType "tourn"]
[EventRounds "9"]
[EventCountry "CAN"]

1. b3 c5 2. Bb2 Nc6 3. e3 d5 4. Nf3 e6 5. Bb5 Bd7 6. O-O Nf6 7. d3 Be7 8. Nbd2 O-O 9. Bxc6 Bxc6 10. Ne5 Be8 11. f4 Nd7 12. g4 f6 13. Nxd7 Qxd7 14. Qe2 Bd6 15. Rf2 Qe7 16. Raf1 Bc6 17. h4 e5 18. g5 fxg5 19. fxg5 Qe6 20. Rxf8+ Rxf8 21. Rxf8+ Kxf8 22. Qf3+ Ke7 23. e4 b5 24. c4 dxe4 25. dxe4 a6 26. Kf2 Qg6 27. Ke3 h6 28. Qg3 hxg5 29. hxg5 bxc4 30. bxc4 Qe6 31. Qf3 Bd7 32. Bc3 Qf7 33. Qg3 Qe6 34. Nf3 Qxc4 35. Bxe5 Qc1+ 36. Nd2 Bxe5 37. Qxe5+ Kd8 38. Qb8+ Ke7 39. Qe5+ Kd8 40. Qb8+ Ke7 41. Qe5+ 1/2-1/2

[Event "Ontario Closed"]
[Site "Scarborough CAN"]
[Date "1989.06.03"]
[Round "1.4"]
[White "Southam, Todd"]
[Black "Dean, Andrew"]
[Result "1-0"]
[WhiteElo "2302"]
[BlackElo "1890"]
[PlyCount "47"]
[GameId "2160767912519320"]
[EventDate "1989.06.03"]
[EventType "tourn"]
[EventRounds "9"]
[EventCountry "CAN"]

1. d4 d5 2. c4 e6 3. Nc3 Nf6 4. cxd5 exd5 5. Bg5 Nbd7 6. e3 c6 7. Bd3 Be7 8. Nge2 O-O 9. Qc2 Re8 10. O-O Nf8 11. Rad1 g6 12. f3 Ne6 13. Bh4 Ng7 14. e4 dxe4 15. fxe4 Ng4 16. Bxe7 Qxe7 17. Qd2 Be6 18. h3 Nf6 19. e5 Nd5 20. Ne4 Nf5 21. N2c3 Red8 22. Nxd5 cxd5 23. Nf6+ Kg7 24. Bxf5 1-0

[Event "Ontario Closed"]
[Site "Scarborough CAN"]
[Date "1989.06.03"]
[Round "1.5"]
[White "Day, Lawrence"]
[Black "Vranesic, Zvonko"]
[Result "1/2-1/2"]
[WhiteElo "2446"]
[BlackElo "2345"]
[PlyCount "84"]
[GameId "2160767912519321"]
[EventDate "1989.06.03"]
[EventType "tourn"]
[EventRounds "9"]
[EventCountry "CAN"]

1. d4 Nf6 2. Nf3 e6 3. Bg5 Be7 4. Nbd2 d5 5. e3 b6 6. Bb5+ c6 7. Bd3 Ba6 8. Bxa6 Nxa6 9. c3 Qc7 10. Bxf6 Bxf6 11. e4 dxe4 12. Nxe4 Be7 13. Qe2 Qb7 14. O-O O-O 15. Rad1 c5 16. Ne5 Rad8 17. Qf3 Qc7 18. Nc6 Rc8 19. Nxe7+ Qxe7 20. Qd3 c4 21. Qe2 Nb8 22. f4 Nd7 23. Nd2 b5 24. a4 a6 25. Ra1 Nb6 26. axb5 axb5 27. f5 Ra8 28. fxe6 Qxe6 29. Qxe6 fxe6 30. Nf3 h6 31. Rae1 Rf6 32. Rb1 Nd5 33. Rfe1 Ra6 34. Ra1 Rxa1 35. Rxa1 Rf8 36. Ra6 Re8 37. Ne5 Rb8 38. h4 b4 39. Nxc4 bxc3 40. bxc3 Rc8 41. Ne5 Nxc3 42. Kh2 Nb5 1/2-1/2

[Event "Ontario Closed"]
[Site "Scarborough CAN"]
[Date "1989.06.06"]
[Round "2"]
[White "Pacey, Kevin"]
[Black "Moffat, Andrei"]
[Result "1/2-1/2"]
[WhiteElo "2305"]
[BlackElo "2170"]
[PlyCount "82"]
[GameId "2160767912519322"]
[EventDate "1989.06.03"]
[EventType "tourn"]
[EventRounds "9"]
[EventCountry "CAN"]

1. d4 Nf6 2. c4 e6 3. Nc3 d5 4. Nf3 Be7 5. Bf4 O-O 6. e3 a6 7. Rc1 Nbd7 8. cxd5 exd5 9. Bd3 c5 10. dxc5 Nxc5 11. Be2 Be6 12. O-O Rc8 13. Nd4 b5 14. a3 Qb6 15. Nxe6 Qxe6 16. Bf3 Nce4 17. Qd3 Nxc3 18. Rxc3 Ne4 19. Rxc8 Rxc8 20. Rd1 Rd8 21. Bc7 Rc8 22. Ba5 Bf6 23. b3 Nc5 24. Qxd5 Nxb3 25. Qxe6 fxe6 26. Bb4 a5 27. Bd6 Bc3 28. g3 b4 29. Bg4 Kf7 30. axb4 axb4 31. Rb1 Nd2 32. Rxb4 Bxb4 33. Bxb4 Ne4 34. Bf3 Nf6 35. h4 Rb8 36. Bc5 Rb5 37. Bd6 Rb6 38. Bf4 Rb1+ 39. Kg2 Nd5 40. Be5 g6 41. h5 Rc1 1/2-1/2

[Event "Ontario Closed"]
[Site "Scarborough CAN"]
[Date "1989.06.04"]
[Round "2.1"]
[White "Campbell, Brett"]
[Black "Vranesic, Zvonko"]
[Result "0-1"]
[WhiteElo "2366"]
[BlackElo "2345"]
[PlyCount "88"]
[GameId "2160767912519323"]
[EventDate "1989.06.03"]
[EventType "tourn"]
[EventRounds "9"]
[EventCountry "CAN"]

1. c4 c5 2. Nc3 Nc6 3. g3 g6 4. Bg2 Bg7 5. e3 e6 6. Nge2 Nge7 7. Nf4 b6 8. a3 Bb7 9. b4 Rb8 10. O-O O-O 11. Rb1 d6 12. Qb3 Qd7 13. Bb2 Ne5 14. Ne4 d5 15. cxd5 exd5 16. Ng5 d4 17. Bxb7 Rxb7 18. exd4 cxd4 19. Rfe1 Qg4 20. Ne2 Qxg5 21. f4 Qg4 22. fxe5 Bxe5 23. Kg2 Rd7 24. Qf3 Qg5 25. Qd3 h5 26. Ng1 Bg7 27. Nf3 Qd5 28. Qe4 Qxe4 29. Rxe4 Nf5 30. Rc1 Rfd8 31. d3 Kf8 32. Kf2 Re8 33. Rxe8+ Kxe8 34. Rc8+ Ke7 35. Bc1 Bh6 36. Bxh6 Nxh6 37. Ne5 Rd5 38. Nc6+ Kd7 39. Nxa7 Ng4+ 40. Kf3 Re5 41. Rc2 Re3+ 42. Kf4 Ne5 43. Nc8 f6 44. Nxb6+ Ke6 0-1

[Event "Ontario Closed"]
[Site "Scarborough CAN"]
[Date "1989.06.04"]
[Round "2.2"]
[White "Dean, Andrew"]
[Black "Day, Lawrence"]
[Result "0-1"]
[WhiteElo "1890"]
[BlackElo "2446"]
[PlyCount "78"]
[GameId "2160767912519324"]
[EventDate "1989.06.03"]
[EventType "tourn"]
[EventRounds "9"]
[EventCountry "CAN"]

1. d4 g6 2. c4 Bg7 3. Nc3 c5 4. Nf3 cxd4 5. Nxd4 Nc6 6. Nb3 d6 7. g3 Be6 8. Nd5 Rc8 9. Bg2 Ne5 10. Nd4 Nxc4 11. Nxe6 fxe6 12. Nf4 Qa5+ 13. Bd2 Nxd2 14. Qxd2 Qxd2+ 15. Kxd2 Bh6 16. e3 e5 17. Nd3 Rb8 18. Rac1 Nf6 19. Rhd1 e4 20. Nb4 a5 21. Nc2 d5 22. Ke2 Kf7 23. Nd4 Rhd8 24. Bh3 Rd6 25. a4 Rb6 26. Nb5 g5 27. Rc2 g4 28. Bg2 Bf8 29. Rdc1 Nd7 30. h3 h5 31. hxg4 hxg4 32. Bf1 Bg7 33. Ke1 Rh8 34. Rd1 Rc6 35. Nc3 Rc5 36. Bb5 Ne5 37. Rxd5 Nf3+ 38. Ke2 Rxd5 39. Nxd5 Rh1 0-1

[Event "Ontario Closed"]
[Site "Scarborough CAN"]
[Date "1989.06.04"]
[Round "2.3"]
[White "Coakley, Jeff"]
[Black "Southam, Todd"]
[Result "1/2-1/2"]
[WhiteElo "2258"]
[BlackElo "2302"]
[PlyCount "27"]
[GameId "2160767912519325"]
[EventDate "1989.06.03"]
[EventType "tourn"]
[EventRounds "9"]
[EventCountry "CAN"]

1. Nf3 Nf6 2. c4 e6 3. g3 d5 4. Bg2 c5 5. O-O Nc6 6. cxd5 exd5 7. d4 Be7 8. a3 a6 9. dxc5 Bxc5 10. b4 Ba7 11. Bb2 O-O 12. Nbd2 Re8 13. Nb3 Bg4 14. Nbd4 1/2-1/2

[Event "Ontario Closed"]
[Site "Scarborough CAN"]
[Date "1989.06.04"]
[Round "2.5"]
[White "Puri, Vinny"]
[Black "Kiviaho, Robert"]
[Result "1-0"]
[WhiteElo "2336"]
[BlackElo "2235"]
[PlyCount "95"]
[GameId "2160767912519326"]
[EventDate "1989.06.03"]
[EventType "tourn"]
[EventRounds "9"]
[EventCountry "CAN"]

1. c4 e5 2. Nc3 Nc6 3. Nf3 f5 4. d4 e4 5. Bg5 Be7 6. Bxe7 Qxe7 7. Nd2 Nf6 8. e3 O-O 9. c5 d5 10. Qb3 Kh8 11. Bb5 Nd8 12. O-O-O Ne6 13. f4 Ng4 14. Rde1 c6 15. Bf1 Nxe3 16. Rxe3 Nxd4 17. Qb4 Ne6 18. Ne2 b6 19. Nb3 bxc5 20. Qa3 Rf7 21. Rc3 d4 22. Rc4 d3 23. Nc3 Nxf4 24. Nxc5 Qg5 25. Kb1 Nxg2 26. Qa5 Ne3 27. N5xe4 Qe7 28. Rd4 fxe4 29. Rxe4 Qf8 30. Bxd3 Nf5 31. Bc4 Re7 32. Rxe7 Qxe7 33. Rd1 Bd7 34. Qc7 Be8 35. Qf4 Bg6 36. Bd3 Rf8 37. Rf1 Qe6 38. h4 h6 39. h5 Bh7 40. Bc2 Qf6 41. Ne4 Qe6 42. Ng3 Nxg3 43. Qxf8+ Bg8 44. Bb3 Qe4+ 45. Ka1 Qh7 46. Rg1 Nxh5 47. Bf7 g6 48. Bxg8 1-0

[Event "Ontario Closed"]
[Site "Scarborough CAN"]
[Date "1989.06.06"]
[Round "3"]
[White "Southam, Todd"]
[Black "Pacey, Kevin"]
[Result "1/2-1/2"]
[WhiteElo "2314"]
[BlackElo "2305"]
[PlyCount "30"]
[GameId "2160767912519327"]
[EventDate "1989.06.03"]
[EventType "tourn"]
[EventRounds "9"]
[EventCountry "CAN"]

1. d4 d5 2. c4 c6 3. Nf3 Nf6 4. Nc3 e6 5. e3 Nbd7 6. Qc2 Be7 7. Be2 O-O 8. O-O a6 9. e4 dxe4 10. Nxe4 c5 11. Rd1 cxd4 12. Nxd4 Nxe4 13. Qxe4 Qc7 14. Bd3 Nf6 15. Bf4 Nxe4 1/2-1/2

[Event "Ontario Closed"]
[Site "Scarborough CAN"]
[Date "1989.06.06"]
[Round "3.1"]
[White "Kiviaho, Robert"]
[Black "Campbell, Brett"]
[Result "1-0"]
[WhiteElo "2235"]
[BlackElo "2366"]
[PlyCount "99"]
[GameId "2160767912519328"]
[EventDate "1989.06.03"]
[EventType "tourn"]
[EventRounds "9"]
[EventCountry "CAN"]

1. d4 c5 2. d5 e5 3. e4 Nf6 4. Nc3 d6 5. f4 Qa5 6. Bd2 exf4 7. Nf3 Bg4 8. Be2 Nbd7 9. O-O Be7 10. Bxf4 Bxf3 11. Rxf3 O-O 12. Rg3 Rfe8 13. Bb5 Qd8 14. Qf3 a6 15. Bxd7 Nxd7 16. Rf1 f6 17. Qh5 Bf8 18. Rh3 h6 19. Qg6 Ne5 20. Bxe5 Rxe5 21. Rxh6 Be7 22. Rf3 Rg5 23. Qh7+ Kf8 24. Rh5 Rxh5 25. Qxh5 Qe8 26. Qg4 Qc8 27. Qg6 Qe8 28. Qh7 Qf7 29. Rh3 g6 30. Qxf7+ Kxf7 31. Rh7+ Ke8 32. h4 Kd7 33. Ne2 Rg8 34. Kf2 Ke8 35. Kf3 Rf8 36. Nf4 Rg8 37. Ne6 b5 38. g4 b4 39. Rg7 Rxg7 40. Nxg7+ Kf7 41. Ne6 a5 42. b3 Kg8 43. h5 gxh5 44. gxh5 Kh7 45. Kf4 Kh6 46. Kg4 Kh7 47. Kf5 Kh6 48. Nf4 Bf8 49. Kxf6 Bg7+ 50. Kf5 1-0

[Event "Ontario Closed"]
[Site "Scarborough CAN"]
[Date "1989.06.06"]
[Round "3.2"]
[White "Moffat, Andrei"]
[Black "Puri, Vinny"]
[Result "1/2-1/2"]
[WhiteElo "2246"]
[BlackElo "2336"]
[PlyCount "86"]
[GameId "2160767912519329"]
[EventDate "1989.06.03"]
[EventType "tourn"]
[EventRounds "9"]
[EventCountry "CAN"]

1. e4 e5 2. Nf3 Nc6 3. Bc4 Bc5 4. c3 Nf6 5. b4 Bb6 6. d3 d6 7. a4 a6 8. Nbd2 O-O 9. O-O h6 10. Bb3 Ne7 11. Nc4 Ba7 12. Be3 Bxe3 13. Nxe3 c6 14. Qc2 Ng6 15. d4 Re8 16. d5 Qc7 17. a5 Ne7 18. Rfd1 cxd5 19. exd5 Ng4 20. c4 Nxe3 21. fxe3 Bg4 22. Rf1 Rac8 23. Qf2 Rf8 24. e4 f5 25. exf5 Nxf5 26. Qb6 Qxb6+ 27. axb6 Ne3 28. Rfc1 Bxf3 29. gxf3 Rf4 30. Rc3 Nxd5 31. Rd3 Nxb6 32. c5+ Nc4 33. Rc1 dxc5 34. Bxc4+ Kf8 35. Bd5 Rxb4 36. Be4 c4 37. Rd7 b5 38. Ra7 Ra4 39. Rd1 c3 40. Rdd7 c2 41. Rf7+ Ke8 42. Rae7+ Kd8 43. Rd7+ Ke8 1/2-1/2

[Event "Ontario Closed"]
[Site "Scarborough CAN"]
[Date "1989.06.06"]
[Round "3.4"]
[White "Day, Lawrence"]
[Black "Coakley, Jeff"]
[Result "1-0"]
[WhiteElo "2446"]
[BlackElo "2258"]
[PlyCount "113"]
[GameId "2160767912519330"]
[EventDate "1989.06.03"]
[EventType "tourn"]
[EventRounds "9"]
[EventCountry "CAN"]

1. e4 c6 2. f4 d5 3. e5 Bf5 4. d3 e6 5. g3 h5 6. h3 c5 7. Be2 Bg6 8. Nf3 Be7 9. c3 Nc6 10. Na3 Nh6 11. Nc2 Nf5 12. Rg1 Qb6 13. Kf2 O-O-O 14. Rb1 c4+ 15. d4 h4 16. g4 Ng3 17. Ra1 Bxc2 18. Qxc2 g6 19. Be3 Kb8 20. Bd1 Ne4+ 21. Kg2 Rc8 22. Re1 Bd8 23. Bg1 Ne7 24. Re3 Qc6 25. Qe2 Ba5 26. Bh2 Bd8 27. Bc2 Ka8 28. Rf1 Ng8 29. Bxe4 dxe4 30. Rxe4 Ne7 31. Nd2 Nd5 32. Kg1 Be7 33. Re1 b5 34. Qf3 b4 35. R4e2 bxc3 36. bxc3 Rb8 37. Kf2 Rb5 38. Ne4 a6 39. f5 gxf5 40. gxf5 Rbb8 41. Rg1 exf5 42. Qxf5 Rhg8 43. Rg4 Qe6 44. Qf3 Ka7 45. Nf6 Rxg4 46. hxg4 Rd8 47. Nxd5 Rxd5 48. Kg2 Rd8 49. Kh3 Rd5 50. Rf2 f6 51. exf6 Bf8 52. Re2 Qf7 53. a4 Kb6 54. Rb2+ Ka5 55. Rb8 Bd6 56. Rd8 Kxa4 57. Bxd6 1-0

[Event "Ontario Closed"]
[Site "Scarborough CAN"]
[Date "1989.06.06"]
[Round "3.5"]
[White "Vranesic, Zvonko"]
[Black "Dean, Andrew"]
[Result "1-0"]
[WhiteElo "2345"]
[BlackElo "1890"]
[PlyCount "89"]
[GameId "2160767912519331"]
[EventDate "1989.06.03"]
[EventType "tourn"]
[EventRounds "9"]
[EventCountry "CAN"]

1. d4 Nf6 2. c4 e6 3. Nc3 Bb4 4. Bg5 h6 5. Bxf6 Qxf6 6. Rc1 O-O 7. Nf3 b6 8. e3 Bb7 9. Be2 d6 10. O-O Bxc3 11. Rxc3 Nd7 12. Nd2 e5 13. Bf3 Bxf3 14. Qxf3 exd4 15. Qxf6 Nxf6 16. exd4 Rfe8 17. Rd1 Re7 18. Re3 Rae8 19. Rde1 Kf8 20. h3 Rxe3 21. Rxe3 Rxe3 22. fxe3 Ke7 23. Kf2 d5 24. b3 Kd6 25. Kf3 a5 26. e4 dxe4+ 27. Nxe4+ Nxe4 28. Kxe4 g6 29. g4 f6 30. h4 c6 31. h5 gxh5 32. gxh5 Ke6 33. d5+ cxd5+ 34. cxd5+ Kd6 35. Kf5 Kxd5 36. Kxf6 b5 37. Kg6 Ke6 38. Kxh6 Kf6 39. a3 b4 40. a4 Ke5 41. Kg5 Kd4 42. h6 Kc3 43. h7 Kxb3 44. h8=Q Kxa4 45. Qa1+ 1-0